000 01197nam a22003497a 4500
003 CHAP
005 20220329134456.0
008 971013s1984 r 00010 d
010 _a20912
011 _a21884
035 _a25975
040 _cCHAP
090 _aTesis
100 0 0 _aCetina Alcalá, Víctor Manuel.
_921655
245 _aEstudios sobre germinación del Pinus Cembroides Zucc. en condiciones naturales
260 _aChapingo, Méx. :
_bEl autor,
_c1984
300 _a126 h.
_b: ilus. ; gráfs.
502 _aTesis (Maestro en Ciencias. Esp. en Programa Forestal) -- CP. Centro de Genética
590 _aALEPH
_b10
_c20130110
_lUCH01
_h1245
590 _aBATCH-UPD
_b10
_c20130110
_lUCH01
_h0144
590 _aBATCH-UPD
_b10
_c20130110
_lUCH01
_h2102
590 _aBATCH-UPD
_b10
_c20130410
_lUCH01
_h1414
590 _aBATCH-UPD
_b10
_c20130914
_lUCH01
_h1540
590 _aCONVERSION
_b10
_c20130109
_lUCH01
_h1312
650 1 4 _aGerminación.
_947755
650 1 4 _aPinus cembroides.
_988325
901 _aBK
942 _cFOLL
949 _bBC
_cTES
_d-60015
_eTS1
_i25975
_si
949 _bBC
_cTES
_d-60016
_eTS2
_fc.2
_i25975
_si
949 _bBC
_cTES
_d33724000981866
_eTS2
_fc.3
_i25975
_si
999 _c20912
_d20912